Top 10 Most Visited Italian Cities - Statistics

General Stats
  • This quiz has been taken 236 times
  • The average score is 5 of 10
Answer Stats
City Visitors(in millions) % Correct
Rome 25
100%
Milan 11
95%
Venice 10
91%
Florence 9
85%
Turin 3
81%
Rimini 7
25%
Jesolo 5
3%
Caorle 4
1%
Cavallino-Treporti 6
1%
San Michele al Tagliamento 5
1%
No matching quizzes found
Score Distribution
Percent of People with Each Score
Percentile by Number Answered
Your Score History
You have not taken this quiz